भारतीय नाट्य - सिद्धांत (Record no. 311014)

MARC details
000 -LEADER
fixed length control field 00973nam a2200265Ia 4500
003 - CONTROL NUMBER IDENTIFIER
control field OSt
005 - DATE AND TIME OF LATEST TRANSACTION
control field 20220923212719.0
008 - FIXED-LENGTH DATA ELEMENTS--GENERAL INFORMATION
fixed length control field 220922b |||||||| |||| 00| 0 san d
037 ## - SOURCE OF ACQUISITION
Terms of availability Textual
040 ## - CATALOGING SOURCE
Original cataloging agency ARTS
Transcribing agency ARTS
Language of cataloging san
041 ## - LANGUAGE CODE
Source of code san
Language code of text/sound track or separate title san
100 ## - MAIN ENTRY--PERSONAL NAME
Personal name पाण्डेय, रामजी
9 (RLIN) 156369
245 #0 - TITLE STATEMENT
Title भारतीय नाट्य - सिद्धांत
Remainder of title उद्भव और विकास
246 ## - VARYING FORM OF TITLE
Title proper/short title Bhāratīya nāṭya - siddhāanta: udbhav aur vikāsa
260 ## - PUBLICATION, DISTRIBUTION, ETC.
Place of publication, distribution, etc. पटना
Name of publisher, distributor, etc. बिहार राष्ट्रभाषा - परिषद्
Date of publication, distribution, etc. 1982
300 ## - PHYSICAL DESCRIPTION
Extent 643पृ0
Dimensions cm.
650 ## - SUBJECT ADDED ENTRY--TOPICAL TERM
Topical term or geographic name entry element संस्कृत नाटक
650 ## - SUBJECT ADDED ENTRY--TOPICAL TERM
Topical term or geographic name entry element संस्कृत साहित्य
942 ## - ADDED ENTRY ELEMENTS (KOHA)
Classification part O15,2:g, 152M2
Koha item type Textual
Source of classification or shelving scheme Colon Classification (CC)
Holdings
Withdrawn status Lost status Damaged status Not for loan Home library Current library Date acquired Total Checkouts Total Renewals Full call number Barcode Date due Date last seen Date last checked out Price effective from Koha item type
        Arts Library Arts Library 2022-09-23 4 1 O15,2:g 152M2 AL0818362 2026-05-02 2026-04-02 2026-04-02 2022-09-23 Textual
Copyright @ Delhi University Library System